000 00311pam a2200133 a 4500
020 _c
041 _h
082 _a4
100 _aRAJARAMAN (Dharma)/ RAJARAMAN (V)
_eauthor
245 _aComputer Primer
_hTextual Document
260 _bHarlow, Addision Wesley -
_c1990
300 _avii, 420
930 _a1772
999 _c820986
_d820986